000 00988 a2200253 4500
003 Nust
005 20220822111108.0
010 _a 2002117799
020 _a1558609008 (pbk. : alk. paper)
035 _a(DLC) 2002117799
040 _cNust
082 0 0 _a005.2762
245 0 0 _aJava Web services architecture /
_cJames McGovern ... [et al.]
260 _aSan Francisco :
_bMorgan Kaufmann Publishers,
_cc2003.
300 _axii, 833 p. :
_bill. ;
_c24 cm. +
_e1 CD-ROM (4 3/4 in.)
505 _aPart I: The Foundation (Page-3), Part III: The JAX APIs (Page-265), Part III: Advanced topics (Page-581).
650 0 _aComputer architecture.
650 0 _aJava (Computer program language)
_98017
650 0 _aWeb services.
_994192
700 1 _aMcGovern, James,
_d1967-
_998279
856 4 2 _3Publisher description
_uhttp://www.loc.gov/catdir/description/els051/2002117799.html
856 4 2 _3Table of contents
_uhttp://www.loc.gov/catdir/toc/els031/2002117799.html
942 _2ddc
_cBK
999 _c179453
_d179453